| 000 | 02792nam a2200265Ia 4500 | ||
|---|---|---|---|
| 003 | CO-CtgCURN | ||
| 005 | 20250410191250.0 | ||
| 008 | 220303s9999 xx 000 0 und d | ||
| 020 | _a9789587499759 | ||
| 040 |
_aCO-CtgCURN _bspa _ccoctgcurn |
||
| 082 |
_a346.043 _bR696p |
||
| 100 |
_aRodríguez Herrera, Carlos Esteban _eautor _98448 |
||
| 245 | 0 |
_aPatrimonio de familia inembargable y afectación a vivienda familiar / _cCarlos Esteban Rodríguez Herrera |
|
| 260 |
_aBogotá, Colombia : _bGrupo Editorial Ibañez, _c2019 |
||
| 300 |
_a136 página ; _c16 centímetros |
||
| 500 | _aIncluye índice | ||
| 504 | _aIncluye referencias bibliográficas (p.[133]-135) | ||
| 505 | _aPte.1.Constitución patrimonio de familia inembargable -- Cap. 1. Precedente constitucional. Cap.2. Patrimonio de familia-definición -- Cap.3. ¿Cuál es su finalidad?. Cap.4. De la protección jurídica que se deriva de la Constitución Política de Colombia -- Cap.5. Patrimonio de familia inembargable salvaguarda -- Cap.6. Patrimonio de familia-límite máximo en el valor del inmueble para su constitución voluntaria no vulnera la norma superior -- Pte.2. Afectación a vivienda familiar -- Cap.1. Marco jurídico-noción: (leyes 258 del 17/01/1996, 854 del 25/11/ 2003 y 1183 del 14/01/2008) -- Cap.2. Presupuestos para la afectación de un bien inmueble a vivienda familiar -- Cap.3. Afectación a vivienda familiar - prohibición a cónyuge divorciado o sociedad disuelta y liquidada -- Cap.4. ¿Qué consecuencias jurídicas se derivan de la constitución de un bien inmueble sometido a afectación de vivienda familiar? -- Cap.5. Causales y mecanismo para levantarla y/o cancelar la figura de Constitución.de afectación a vivienda familiar -- Cap.6. Afectación a vivienda familiar-ley 1183 de 2008 -- Cap.7. Afectación a vivienda familiar y constitución de patrimonio de familia-similitudes -- Cap.8. Diferencias existentes entre el patrimonio de familia y la afectación a vivienda familiar, consideradas por el máximo tribunal constitucional en su sentencia C-107 del 22 de febrero de 2017 -- Cap.9. Tabla de parentesco -- Cap.10. Instrucción administrativa No. 01- 46-2001 SNR -- Cap.11. Oponibilidad frente a terceros - objetivos y principios -- Cap.12. Breve descripción del registro de instrumentos públicos en Colombia -- Cap.13. Ejemplos de inscripción en el registro de las figuras de Constitución de patrimonio de familia inembargable y afectación a vivienda familiar. | ||
| 521 | _aAREA PROFESIONAL | ||
| 590 | _aPrograma de Derecho_18 | ||
| 650 |
_aDerecho de familia _zColombia _98449 |
||
| 650 |
_aSociedad conyugal _zColombia _98450 |
||
| 942 |
_cBK _h346043 _iR696p _2ddc _n0 |
||
| 999 |
_c30736 _d30736 |
||